000
00224nam a22001217a 4500
040
_c
SY
082
_a
634
100
_a
VON MONIN
245
_a
Forest management
260
_a
RUA
_b
VON
_c
1998
300
_a
32p.
942
_c
KB
999
_c
8901
_d
8901